Statistiche per Città e Regioni - Quiz n°18

Clicka qui per fare il quiz!

Statistiche generali

  • Questo quiz è stato fatto 35 volte
  • Il punteggio medio è 9 su 10

Statistiche sulle risposte

HintRisposta% Corretto
MilanoLombardia
100%
Ascoli PicenoMarche
100%
SienaToscana
96%
Pomigliano d'ArcoCampania
88%
LeccePuglia
88%
CarraraToscana
88%
PerugiaUmbria
88%
MarateaBasilicata
85%
Novi LigurePiemonte
85%
FanoMarche
81%

Distribuzione punteggi

Percentile per numero di risposta

Percentuale di utenti per punteggio

I tuoi punteggi nel tempo

Non hai fatto questo quiz